| 000 | 01509nam a22002297a 4500 | ||
|---|---|---|---|
| 999 |
_c58261 _d58261 |
||
| 003 | Ge_BSU | ||
| 005 | 20211013104631.0 | ||
| 008 | 211013s2019 ge ||||| |||| 00| 0 geo d | ||
| 020 | _a9789941488276 | ||
| 041 | _ageo | ||
| 080 | _a622.323.24 ნ-17 | ||
| 245 |
_aნავთობგაზსადენებისა და ნავთობგაზსაცავების მოწყობილობა-დანადგარები : _bსახელმძღვანელო / _cზურაბ მეგრელიშვილი, გიზო ფარცხალაძე, დავით ჩხაიძე, ნინო დონდოლაძე; რედ. გურამ ვარშალომიძე. |
||
| 264 |
_aბათუმი : _bბათუმის შოთა რუსთაველის სახელმწიფო უნივერსიტეტი, _c2019. |
||
| 300 |
_a309 გვ. ; _bილ. ცხრ., _c29 სმ. |
||
| 504 | _aბიბლიოგრ. გვ. 308-309 | ||
| 700 |
_aმეგრელიშვილი, ზურაბ _eავტორი _912651 |
||
| 700 |
_aფარცხალაძე, გიზო _eავტორი _91753 |
||
| 700 |
_a ჩხაიძე, დავით _eავტორი _912652 |
||
| 700 |
_aდონდოლაძე, ნინო _eავტორი _91930 |
||
| 700 |
_aვარშალომიძე, გურამ _eრედაქტორი _95645 |
||
| 942 |
_2udc _cBK |
||